000 00627nam a2200133Ia 4500
008 220620s9999||||xx |||||||||||||| ||und||
022 _a16648714
100 _aHenry T. Nguyen||Richard R. Belanger||Rupesh K. Deshmukh
245 0 _aAquaporins: Dynamic Role and Regulation
546 _aEnglish[eng]
650 _aprotein interactions||advanced tools||Aquaporin evolution||conserved motifs||phylogeny||solute specificity||omics approaches||transport system||physiological processes||biotic and abiotic stresses
856 _uhttps://www.frontiersin.org/research-topics/4360/aquaporins-dynamic-role-and-regulation
942 _cEB
999 _c33365
_d33365